Chłopaki z Baraków - postacie - Statystyki

Ogólne statystyki
  • Ten quiz został rozwiązany 284 razy
  • Średni wynik to 14 z 20
Statystyki odpowiedzi
Opis Odpowiedź % Poprawnych
1 Zawsze ze szklaneczką z drinkiem Julian
95%
2 Hodowca zioła, który zawsze miał łeb do interesów Ricky
94%
3 Kociarz w charakterystycznych okularach Bubbles
91%
4 Strażnik parkingu, który jest wódką Jim Lahey
88%
5 Asystent strażnika parkingu, zawsze bez koszulki Randy
86%
8 Drugi z przygłupów i parobasów Trevor
85%
7 Jeden z dwójki przygłupów i parobasów wiecznie żujący wykałaczkę Cory
82%
19 Główny raper Sunnyvale, który myśli że jest czarny J-Roc
76%
10 Córka #2, której dorastanie widzimy przez cały serial Trinity
74%
11 Blondynka, w której zakochany jest #2 Lucy
70%
13 Przez większość sezonów właścicielka Parkingu Sunnyvale Barbara Lahey
69%
14 Antagonista poruszający się czerwoną Corvette Cyrus
68%
6 Nie gap mu się na bebech Phil Collins
63%
12 Rudowłosa najlepsza przyjaciółka #11 Sarah
60%
18 Ojciec #2, który uważa, że jest w pytę Ray
59%
20 Weterynarz, przez wielu uważany za jaskiniowca Sam Losco
59%
9 Syn #6, który od ósmego sezonu zastąpił #8 Jacob Collins
54%
16 Najgłupszy gliniarz na komendzie George Green
40%
17 Córka #4 i #13, wystąpiła tylko w sezonie 2 Treena Lahey
34%
15 Rockman, który kupował zioło od chłopaków Sebastian Bach
28%
Nie znaleziono quizów pasujących do podanych kryteriów
Rozkład punktacji
Procent ludzi z każdym wynikiem
Percentyl według liczby udzielonych odpowiedzi
Twoja historia wyników
Nie rozwiązałeś tego quizu